Szczegóły MARC21

Zaburzenia psychiczne i emocjonalne : przewodnik popularnonaukowy /

003 -Nazwa inst., której nr kontr. jest w polu 001 [,]
    • @
    • Nazwa instytucji, której n kontrolny jest w polu 001
    • NUKAT
005 -DATA I CZAS OSTATNIEJ MODYFIKACJI [,]
    • @
    • pole kontrolne
    • 20241231103610.0
020 -Międzynarod. znormalizowany nr książki - ISBN [ , ]
    • a
    • Numer ISBN
    • 9788373834408 Find
040 -Instytucja sporządzająca opis [ , ]
    • a
    • Instytucja, która sporządziła opis (NP)
    • Ł M/ROK
    • c
    • Instytucja, która sporządziła rekord (NP)
    • Ł M/ROK
    • d
    • Instytucja, która zmodyfikowała rekord (P)
    • Ł M/PB
    • d
    • Instytucja, która zmodyfikowała rekord (P)
    • WR U/MBs
    • d
    • Instytucja, która zmodyfikowała rekord (P)
    • BYDG 24/MM
    • d
    • Instytucja, która zmodyfikowała rekord (P)
    • GD 27/MDUs
942 -Rodzaj dokumentu [ , ]
    • c
    • Rodzaj dokumentu
    • Książka
100 -Hasło główne - nazwa osobowa [1, ]
    • a
    • Nazwa osobowa (NP)
    • Imielski, Wojciech Jerzy
    • d
    • Daty biograficzne (NP)
    • (1979- ).
    • 9
    • KHW
    • 24968
245 -Strefa tytułu i oznaczenia odpowiedzialności [1,0]
    • a
    • Tytuł
    • Zaburzenia psychiczne i emocjonalne : Find
    • b
    • Ciąg dalszy tytułu (NP)
    • przewodnik popularnonaukowy / Find
    • c
    • Pozostałe elementy strefy tytułu i oznaczenia odpowiedzialności (NP)
    • Wojciech Jerzy Imielski.
260 -Strefa adresu wydawniczego [ , ]
    • a
    • Miejsce wydania (P)
    • Warszawa :
    • b
    • Nazwa wydawcy (P)
    • Wydawnictwo Naukowe Scholar,
    • c
    • Data wydania (P)
    • cop. 2010.
300 -Strefa opisu fizycznego [ , ]
    • a
    • Określenie formy książki i/lub objętość (NP)
    • 377, [1] s. :
    • b
    • Oznaczenie ilustracji (NP)
    • il. ;
    • c
    • Format (NP)
    • 21 cm.
336 -Typ zawartości [ , ]
    • a
    • Termin opisujący typ zawartości
    • Tekst
    • b
    • Kod określający zawartość
    • txt
    • 2
    • Źródło (terminu i kodu)
    • rdacontent
337 -Typ mediów [ , ]
    • a
    • Tryb odtwarzania
    • Bez urządzenia pośredniczącego
    • b
    • Kod typu mediów
    • n
    • 2
    • Źródło (terminu i kodu)
    • rdamedia
338 -Typ/rodzaj nośnika [ , ]
    • a
    • Hasło opisujące typ nośnika
    • Wolumin
    • b
    • Kod typu nośnika
    • nc
    • 2
    • Źródło (terminu i kodu)
    • rdacarrier
504 -Uwaga dot. bibliogr. załącznikowej [ , ]
    • a
    • Uwaga dot. bibliografii załącznikowej
    • Bibliogr. przy rozdz.
080 -Uniwersalna Klasyfikacja Dziesiętna [ , ]
    • 2
    • Identyfikator wydania tablic
    • UDC-P058
    • 9
    • UKD
    • 4774
    • a
    • Symbol klasyfikacji
    • 616.89
    • b
    • Dopowiedzenie
    • Psychiatria. Choroby psychiczne. Psychopatologia. Psychozy. Dewiacje seksualne.
080 -Uniwersalna Klasyfikacja Dziesiętna [ , ]
    • 2
    • Identyfikator wydania tablic
    • UDC-P058
    • 9
    • UKD
    • 4592
    • a
    • Symbol klasyfikacji
    • 613.86
    • b
    • Dopowiedzenie
    • Higiena psychiczna i obyczajowa. Zmęczenie psychiczne.
080 -Uniwersalna Klasyfikacja Dziesiętna [ , ]
    • 2
    • Identyfikator wydania tablic
    • UDC-P058
    • 9
    • UKD
    • 4588
    • a
    • Symbol klasyfikacji
    • 613.81/.84
    • b
    • Dopowiedzenie
    • Nałogi. Substancje uzależniające.
080 -Uniwersalna Klasyfikacja Dziesiętna [ , ]
    • 2
    • Identyfikator wydania tablic
    • UDC-P058
    • 9
    • UKD
    • 2425
    • a
    • Symbol klasyfikacji
    • 159.923
    • b
    • Dopowiedzenie
    • Osobowość. Psychologia indywidualna. Cechy charakteru. Temperamenty i ich typologia. Kształtowanie osobowości. Samowiedza. Samopoznanie. Samorealizacja. Samoakceptacja.
080 -Uniwersalna Klasyfikacja Dziesiętna [ , ]
    • 2
    • Identyfikator wydania tablic
    • UDC-P058
    • 9
    • UKD
    • 2437
    • a
    • Symbol klasyfikacji
    • 159.942
    • b
    • Dopowiedzenie
    • Emocje. Uczucia. Nastroje. Nastrój obniżony (depresja), nastrój wzmożony (euforia, ekstaza, mania), labilność.
650 -Hasło przedmiotowe [ ,7]
    • a
    • Hasło przedmiotowe
    • Nerwice
    • v
    • Określnik formalny
    • wydawnictwa popularne.
    • 2
    • Źródło terminu
    • kaba
    • 9
    • KHW
    • 359496
650 -Hasło przedmiotowe [ ,7]
    • a
    • Hasło przedmiotowe
    • Zaburzenia osobowości
    • v
    • Określnik formalny
    • wydawnictwa popularne.
    • 2
    • Źródło terminu
    • kaba
    • 9
    • KHW
    • 472491
650 -Hasło przedmiotowe [ ,7]
    • a
    • Hasło przedmiotowe
    • Uzależnienie (psychologia)
    • v
    • Określnik formalny
    • wydawnictwa popularne.
    • 2
    • Źródło terminu
    • kaba
    • 9
    • KHW
    • 476731
650 -Hasło przedmiotowe [ ,7]
    • a
    • Hasło przedmiotowe
    • Uzależnienie (fizjologia)
    • v
    • Określnik formalny
    • wydawnictwa popularne.
    • 2
    • Źródło terminu
    • kaba
    • 9
    • KHW
    • 455627
650 -Hasło przedmiotowe [ ,7]
    • a
    • Hasło przedmiotowe
    • Higiena psychiczna
    • v
    • Określnik formalny
    • wydawnictwa popularne.
    • 2
    • Źródło terminu
    • kaba
    • 9
    • KHW
    • 439510
650 -Hasło przedmiotowe [ ,7]
    • a
    • Hasło przedmiotowe
    • Zaburzenia emocjonalne
    • v
    • Określnik formalny
    • wydawnictwa popularne.
    • 2
    • Źródło terminu
    • kaba
    • 9
    • KHW
    • 597553
650 -Hasło przedmiotowe [ ,7]
    • a
    • Hasło przedmiotowe
    • Choroby psychiczne
    • v
    • Określnik formalny
    • wydawnictwa popularne.
    • 2
    • Źródło terminu
    • kaba
    • 9
    • KHW
    • 418940
650 -Hasło przedmiotowe [ ,7]
    • a
    • Hasło przedmiotowe
    • Zaburzenia zachowania
    • v
    • Określnik formalny
    • wydawnictwa popularne.
    • 2
    • Źródło terminu
    • kaba
    • 9
    • KHW
    • 597554
650 -Hasło przedmiotowe [ ,7]
    • a
    • Hasło przedmiotowe
    • Psychologia
    • x
    • Określnik rzeczowy
    • metodologia
    • v
    • Określnik formalny
    • wydawnictwa popularne.
    • 2
    • Źródło terminu
    • kaba
    • 9
    • KHW
    • 597552
980 -Symbol UKD [ , ]
    • a
    • UKD
    • 616.89:613.86:613.81/.84:159.923:159.942
710 -Hasło dodatkowe - nazwa ciała zbiorowego [2, ]
    • a
    • Nazwa ciała zbiorowego lub nazwa geograficzna jako pierwszy element (NP)
    • Wydawnictwo Naukowe Scholar.
    • 4
    • Kod relacji
    • pbl
    • 9
    • KHW
    • 52854
920 -ISBN [ , ]
    • a
    • ISBN
    • 978-83-7383-440-8 Find
Lokalizacja Data inwentaryzacji Status udost. Numer inwentarzowy
BG2011-06-011Z.115485